| 000 | 01388nam a2200241Ia 4500 | ||
|---|---|---|---|
| 003 | OSt | ||
| 005 | 20211027165827.0 | ||
| 008 | 210310s1991 ck fr 000 0 spa d | ||
| 040 |
_aCO-JMCR _cCO-JMCR |
||
| 041 | 0 | _aspa | |
| 082 | 0 | 4 |
_a338.91 / _bS299e _223 |
| 100 | 1 |
_aSchaposnik, Eduardo Carlos, _917912 _eautor |
|
| 245 | 1 | 0 |
_aEstrategias para la integración latinoamericana / _cEduardo C. Schaposnik |
| 250 | _aPrimera edición | ||
| 260 |
_aBogotá : _bUniversidad Central, _c1991 |
||
| 300 |
_aiv, 272 páginas ; _c22 cm. |
||
| 500 | _aIncluye datos biográficos del autor y notas a pie de página. | ||
| 504 | _aBibliografía: páginas 233-246 | ||
| 505 | 0 | _aLa crisis de la integración latinoamericana -- Causas de la crisis -- Crisis del grupo andino y de la Alalc -- Obstáculos a la integración -- Fuerzas externas que inciden sobre la integración latinoamericana -- Heterogeneidad de los grupos de poder en América Latina -- Integración y sistema político -- El estado, la economía y la integración -- Política estatal de inversiones -- Obstáculos detectados -- Integración y desarrollo -- Aspectos positivos de la integración -- La integración y el desarrollo de América Latina -- Oportunidad para la integración | |
| 651 | 4 |
_aAmérica Latina _xIntegración económica _97033 |
|
| 651 | 4 |
_aAmérica Latina _xPolítica económica _936232 |
|
| 942 |
_2ddc _cBK |
||
| 999 |
_c8658 _d8658 |
||